| 000 | 00587nam a2200181 u 4500 | ||
|---|---|---|---|
| 005 | 20210223131409.0 | ||
| 008 | 101013s2005 r 000 0 eng d | ||
| 020 | _a9788496578500 | ||
| 035 | _aUPN01000178178 | ||
| 049 | _aCG | ||
| 050 | 4 |
_aQA76.27 _bV5.2 |
|
| 100 | 1 | _aVillar Varela, Ana María | |
| 245 | 1 | 0 |
_aAlfabetización informática : _bordenador y tecnologías de la información : conceptos básicos / _cAna Ma. Villar Varela. |
| 260 |
_aEspaña : _bIdeaspropias, _c2005. |
||
| 300 |
_a53 p. : _bil. |
||
| 650 | 4 |
_aCOMPUTACION - _xESTUDIO Y ENSEÑANZA _99291 |
|
| 905 | _aLibro | ||
| 999 |
_c150281 _d150281 |
||